Score 0/25 Timer 10:00
2 Plays Today
% Correct
Star Wars: Attack of the Clones
98.5%
E.T. the Extra-Terrestrial
98.3%
Batman Forever
93.8%
Jurassic Park III
90.8%
Lady and the Tramp
86.5%
Finding Nemo
82.2%
The Hunger Games: Catching Fire
81.3%
Grease
80.3%
I, Robot
79.2%
The Avengers
77.9%
The Lord of the Rings: The Return of the King
74.6%
Zoolander
73.8%
Skyfall
64%
% Correct
District 9
59.8%
X-Men: Days of Future Past
58.9%
Moulin Rouge!
57%
Anaconda
55.9%
Pan's Labyrinth
52.5%
Coraline
50.1%
The Revenant
43.9%
Prometheus
40.6%
Up in the Air
38.9%
A Nightmare on Elm Street
34%
Behind the Candelabra
24.5%
John Wick
18.4%
Remove Ads.
Support Sporcle.
Get the best of Sporcle when you Go Orange. This ad-free experience offers more features, more stats, and more fun while also helping to support Sporcle. Thank you for becoming a member.

You're not logged in!

Compare scores with friends on all Sporcle quizzes.
OR
Log In

Show Comments

Extras

Top Quizzes Today


Score Distribution

Your Account Isn't Verified!

In order to create a playlist on Sporcle, you need to verify the email address you used during registration. Go to your Sporcle Settings to finish the process.

Report this User

Report this user for behavior that violates our Community Guidelines.

Details: